Encyclopaedia of higher education / (Record no. 32016)

MARC details
000 -LEADER
fixed length control field 01210cam a2200265 a 4500
005 - DATE AND TIME OF LATEST TRANSACTION
control field 20091121122244.0
008 - FIXED-LENGTH DATA ELEMENTS--GENERAL INFORMATION
fixed length control field 000504s2000 nik 000 0 eng d
010 ## - LCCN (DPL NO)
LC control number ENG-95536-37
020 ## - INTERNATIONAL STANDARD BOOK NUMBER
International Standard Book Number 9788131306420 (Set of 2 Vols.)
Terms of availability 1500.00 (set)
035 ## - SYSTEM CONTROL NUMBER
System control number EN-79069-70
037 ## - SOURCE OF ACQUISITION
Source of stock number/acquisition DBAD/PUB
040 ## - CATALOGING SOURCE
Original cataloging agency DPL
082 ## - DEWEY DECIMAL CLASSIFICATION NUMBER
Classification number 378.003
245 ## - TITLE STATEMENT
Title Encyclopaedia of higher education /
Statement of responsibility, etc edited by S.K. Bawa
260 ## - PUBLICATION, DISTRIBUTION, ETC. (IMPRINT)
Place of publication, distribution, etc New Delhi
Name of publisher, distributor, etc APH. Publishing Corporation
Date of publication, distribution, etc 2009
270 ## - ADDRESS
Address 4435-36/7 Ansari Road, Darya Ganj
City New Delhi
Postal code 110002
300 ## - PHYSICAL DESCRIPTION
Extent 2v (216p. ; 217-293 p.)
Dimensions 22 cm.(Hb)
500 ## - GENERAL NOTE
General note It is a set of 2 vols. and set price is Rs. 1500.00
700 ## - ADDED ENTRY--PERSONAL NAME
Personal name Bawa, S.K.
942 ## - ADDED ENTRY ELEMENTS (KOHA)
Source of classification or shelving scheme Dewey Decimal Classification
Item type English Books
Call number suffix ENC
Classification part 378.003
Holdings
Withdrawn status Lost status Source of classification or shelving scheme Materials specified (bound volume or other part) Damaged status Not for loan Collection code Home library Current library Date acquired Source of acquisition Cost, normal purchase price Total Checkouts Full call number Barcode Date last seen Copy number Cost, replacement price Koha item type Public note
    Dewey Decimal Classification v. - 1   Not For Loan Non-fiction D.B.Act.Division D.B.Act.Division 21/11/2009 DBAD / PUB 1500.00   378.003 ENC EN-79069 21/11/2009 1 1500.00 English Books v. -1
    Dewey Decimal Classification v.- 2   Not For Loan Non-fiction D.B.Act.Division D.B.Act.Division 21/11/2009 DBAD / PUB 1500.00   378.003 ENC EN-79070 21/11/2009 1 1500.00 English Books v. - 2

© Delhi Public Library
Hit Counter
free hit counter